[Event "Deutsche Ländermeisterschaft 2014"]
[Site "Hannover GER"]
[Date "2014.10.05"]
[Round "5"]
[White "Kopylov, Daniel"]
[Black "Schwarz, Larissa"]
[Result "1/2-1/2"]
[Termination "normal"]
[Board "3.5"]
[WhiteElo "1851"]
[BlackElo "1951"]
[WhiteClock "00:39:55"]
[BlackClock "00:08:48"]
[WhiteTeam "Schleswig-Holstein"]
[BlackTeam "Rheinland-Pfalz"]
[PlyCount "112"]
[WhiteFideId "12921971"]
[BlackFideId "24699004"]
[EventCountry "GER"]
[EventRounds "7"]
[EventType "team-swiss"]
[EventDate "2014.10.02"]

1. e4 {[%clk 1:30:57]} c5 {[%clk 1:30:52]} 2. Nf3 {[%clk 1:31:23]} d6 {[%clk
1:31:17]} 3. d4 {[%clk 1:31:33]} cxd4 {[%clk 1:31:40]} 4. Nxd4 {[%clk 1:31:56]}
Nf6 {[%clk 1:32:02]} 5. Nc3 {[%clk 1:32:13]} a6 {[%clk 1:32:19]} 6. Be2 {[%clk
1:32:25]} e5 {[%clk 1:32:31]} 7. Nb3 {[%clk 1:32:44]} Be7 {[%clk 1:32:50]} 8.
O-O {[%clk 1:32:14]} O-O {[%clk 1:32:50]} 9. Be3 {[%clk 1:30:17]} Be6 {[%clk
1:32:27]} 10. Bf3 {[%clk 1:28:17]} Qc7 {[%clk 1:28:38]} 11. a4 {[%clk 1:28:05]}
Nbd7 {[%clk 1:26:12]} 12. a5 {[%clk 1:13:43]} Rac8 {[%clk 1:23:32]} 13. Nc1
{[%clk 1:12:31]} Rfd8 {[%clk 1:13:59]} 14. Nd3 {[%clk 1:11:10]} Nc5 {[%clk
0:59:54]} 15. Nb4 {[%clk 1:07:40]} Bc4 {[%clk 0:54:07]} 16. Re1 {[%clk
1:05:41]} b6 {[%clk 0:52:48]} 17. Be2 {[%clk 0:49:07]} bxa5 {[%clk 0:45:38]}
18. Bxc4 {[%clk 0:48:20]} axb4 {[%clk 0:46:04]} 19. Nd5 {[%clk 0:48:30]} Nxd5
{[%clk 0:46:15]} 20. Qxd5 {[%clk 0:48:43]} Bf6 {[%clk 0:38:07]} 21. Bxa6 {[%clk
0:40:48]} Nxa6 {[%clk 0:36:55]} 22. Rxa6 {[%clk 0:40:30]} Qxc2 {[%clk 0:34:17]}
23. Ra7 {[%clk 0:38:39]} Qc4 {[%clk 0:27:50]} 24. Qb7 {[%clk 0:34:33]} Rb8
{[%clk 0:24:34]} 25. Qc7 {[%clk 0:33:53]} Qxc7 {[%clk 0:23:56]} 26. Rxc7 {[%clk
0:34:16]} d5 {[%clk 0:22:55]} 27. exd5 {[%clk 0:32:09]} Rxd5 {[%clk 0:23:20]}
28. g3 {[%clk 0:31:33]} Bd8 {[%clk 0:17:47]} 29. Rc4 {[%clk 0:30:50]} f5 {[%clk
0:13:16]} 30. Bc5 {[%clk 0:29:59]} b3 {[%clk 0:11:35]} 31. Rb4 {[%clk 0:29:07]}
Rxb4 {[%clk 0:10:54]} 32. Bxb4 {[%clk 0:29:29]} Rb5 {[%clk 0:09:04]} 33. Bc3
{[%clk 0:29:34]} Bf6 {[%clk 0:07:08]} 34. Ra1 {[%clk 0:29:30]} Kf7 {[%clk
0:06:40]} 35. Ra7+ {[%clk 0:29:26]} Ke6 {[%clk 0:07:04]} 36. Kf1 {[%clk
0:29:12]} e4 {[%clk 0:06:24]} 37. Ra6+ {[%clk 0:29:24]} Ke7 {[%clk 0:04:45]}
38. Bxf6+ {[%clk 0:29:35]} gxf6 {[%clk 0:05:03]} 39. Ra7+ {[%clk 0:29:47]} Ke6
{[%clk 0:05:06]} 40. Rxh7 {[%clk 0:29:55]} Ke5 {[%clk 0:02:06]} 41. h4 {[%clk
0:29:56]} Rb8 {[%clk 0:20:14]} 42. Rd7 {[%clk 0:58:08]} f4 {[%clk 0:18:51]} 43.
Ke2 {[%clk 0:54:04]} Rc8 {[%clk 0:13:24]} 44. Rd2 {[%clk 0:50:13]} fxg3 {[%clk
0:12:54]} 45. fxg3 {[%clk 0:49:58]} Rg8 {[%clk 0:13:19]} 46. Kf2 {[%clk
0:43:37]} e3+ {[%clk 0:13:39]} 47. Kxe3 {[%clk 0:43:54]} Rxg3+ {[%clk 0:14:05]}
48. Kf2 {[%clk 0:43:50]} Rh3 {[%clk 0:14:28]} 49. Kg2 {[%clk 0:43:18]} Rxh4
{[%clk 0:14:50]} 50. Rd3 {[%clk 0:43:11]} Rb4 {[%clk 0:14:35]} 51. Kf3 {[%clk
0:43:26]} f5 {[%clk 0:14:03]} 52. Re3+ {[%clk 0:41:52]} Kd5 {[%clk 0:13:05]}
53. Rd3+ {[%clk 0:41:23]} Ke5 {[%clk 0:12:26]} 54. Re3+ {[%clk 0:41:19]} Kf6
{[%clk 0:12:08]} 55. Rc3 {[%clk 0:40:30]} Kg5 {[%clk 0:11:35]} 56. Kg3 {[%clk
0:39:55]} Kf6 {[%clk 0:08:48]} 1/2-1/2

[Event "Deutsche Ländermeisterschaft 2014"]
[Site "Hannover GER"]
[Date "2014.10.05"]
[Round "5"]
[White "Sanati, Charlotte"]
[Black "Köhler, Inken"]
[Result "0-1"]
[Termination "normal"]
[Board "3.6"]
[WhiteElo "1772"]
[BlackElo "1718"]
[WhiteClock "00:03:25"]
[BlackClock "00:34:51"]
[WhiteTeam "Rheinland-Pfalz"]
[BlackTeam "Schleswig-Holstein"]
[PlyCount "92"]
[WhiteFideId "12907707"]
[BlackFideId "12929301"]
[EventCountry "GER"]
[EventRounds "7"]
[EventType "team-swiss"]
[EventDate "2014.10.02"]

1. e4 {[%clk 1:30:59]} c5 {[%clk 1:30:51]} 2. Nf3 {[%clk 1:31:22]} e6 {[%clk
1:31:15]} 3. d4 {[%clk 1:31:44]} cxd4 {[%clk 1:31:39]} 4. Nxd4 {[%clk 1:32:08]}
Nf6 {[%clk 1:32:02]} 5. Nc3 {[%clk 1:32:29]} Nc6 {[%clk 1:32:26]} 6. Ndb5
{[%clk 1:32:21]} Bc5 {[%clk 1:32:40]} 7. Bf4 {[%clk 1:32:18]} O-O {[%clk
1:32:53]} 8. Bc7 {[%clk 1:32:02]} Qe7 {[%clk 1:33:13]} 9. Bd6 {[%clk 1:31:58]}
Bxd6 {[%clk 1:33:24]} 10. Qxd6 {[%clk 1:32:11]} Qd8 {[%clk 1:33:39]} 11. Be2
{[%clk 1:23:57]} Qb6 {[%clk 1:26:49]} 12. O-O {[%clk 1:08:01]} Ne8 {[%clk
1:22:46]} 13. Qd2 {[%clk 1:04:53]} a6 {[%clk 1:20:38]} 14. Na4 {[%clk 1:04:10]}
Qa5 {[%clk 1:17:11]} 15. Qxa5 {[%clk 1:03:54]} Nxa5 {[%clk 1:17:36]} 16. Nb6
{[%clk 1:02:59]} Rb8 {[%clk 1:14:56]} 17. Na7 {[%clk 1:02:41]} Nd6 {[%clk
1:04:52]} 18. Naxc8 {[%clk 1:01:56]} Rbxc8 {[%clk 1:04:17]} 19. Nxc8 {[%clk
1:02:16]} Rxc8 {[%clk 1:04:42]} 20. Rfd1 {[%clk 0:51:46]} Nxe4 {[%clk 0:57:38]}
21. Rxd7 {[%clk 0:50:13]} Nf6 {[%clk 0:57:50]} 22. Rd2 {[%clk 0:46:04]} g6
{[%clk 0:55:45]} 23. Rad1 {[%clk 0:43:41]} Kg7 {[%clk 0:55:38]} 24. c3 {[%clk
0:42:03]} Nc4 {[%clk 0:53:44]} 25. Bxc4 {[%clk 0:40:04]} Rxc4 {[%clk 0:54:06]}
26. Rd4 {[%clk 0:33:05]} Rc5 {[%clk 0:51:29]} 27. Rb4 {[%clk 0:25:48]} b5
{[%clk 0:48:38]} 28. c4 {[%clk 0:22:37]} bxc4 {[%clk 0:46:08]} 29. Rc1 {[%clk
0:22:14]} Ra5 {[%clk 0:46:00]} 30. a3 {[%clk 0:13:49]} c3 {[%clk 0:45:59]} 31.
bxc3 {[%clk 0:11:26]} Rxa3 {[%clk 0:46:10]} 32. Rbb1 {[%clk 0:08:59]} Ne4
{[%clk 0:38:48]} 33. c4 {[%clk 0:06:12]} Nd2 {[%clk 0:37:33]} 34. c5 {[%clk
0:04:52]} Nxb1 {[%clk 0:33:34]} 35. c6 {[%clk 0:04:54]} Nc3 {[%clk 0:33:45]}
36. c7 {[%clk 0:05:16]} Ne2+ {[%clk 0:34:06]} 37. Kf1 {[%clk 0:05:30]} Nxc1
{[%clk 0:34:20]} 38. c8=Q {[%clk 0:05:48]} Nd3 {[%clk 0:34:07]} 39. Qc2 {[%clk
0:02:56]} Ra1+ {[%clk 0:33:34]} 40. Ke2 {[%clk 0:02:43]} Ra2 {[%clk 0:33:57]}
41. Kxd3 {[%clk 0:02:48]} Rxc2 {[%clk 0:34:20]} 42. Kxc2 {[%clk 0:03:15]} Kf6
{[%clk 0:34:39]} 43. Kb3 {[%clk 0:03:35]} Ke5 {[%clk 0:34:34]} 44. Ka4 {[%clk
0:03:59]} Kd4 {[%clk 0:34:16]} 45. Ka5 {[%clk 0:04:23]} Kd3 {[%clk 0:34:27]}
46. Kxa6 {[%clk 0:03:25]} Ke2 {[%clk 0:34:51]} 0-1

[Event "Deutsche Ländermeisterschaft 2014"]
[Site "Hannover GER"]
[Date "2014.10.05"]
[Round "5"]
[White "Rosmait, Emily"]
[Black "Yankelevich, Michael"]
[Result "1/2-1/2"]
[Termination "normal"]
[Board "3.7"]
[WhiteElo "1821"]
[BlackElo "1673"]
[WhiteClock "00:24:39"]
[BlackClock "01:05:38"]
[WhiteTeam "Schleswig-Holstein"]
[BlackTeam "Rheinland-Pfalz"]
[PlyCount "51"]
[WhiteFideId "12937754"]
[BlackFideId "12921440"]
[EventCountry "GER"]
[EventRounds "7"]
[EventType "team-swiss"]
[EventDate "2014.10.02"]

1. e4 {[%clk 1:30:59]} e6 {[%clk 1:30:56]} 2. d3 {[%clk 1:31:19]} d5 {[%clk
1:31:22]} 3. Nd2 {[%clk 1:31:41]} Nc6 {[%clk 1:31:34]} 4. Ngf3 {[%clk 1:31:06]}
Nf6 {[%clk 1:30:44]} 5. e5 {[%clk 1:20:22]} Nd7 {[%clk 1:29:19]} 6. d4 {[%clk
1:20:40]} f6 {[%clk 1:29:26]} 7. exf6 {[%clk 1:14:18]} Nxf6 {[%clk 1:28:31]} 8.
g3 {[%clk 1:08:32]} Bd6 {[%clk 1:22:40]} 9. Bg2 {[%clk 1:06:00]} O-O {[%clk
1:22:00]} 10. O-O {[%clk 1:05:34]} e5 {[%clk 1:18:00]} 11. dxe5 {[%clk
1:04:28]} Nxe5 {[%clk 1:18:16]} 12. Nxe5 {[%clk 1:03:16]} Bxe5 {[%clk 1:18:19]}
13. Nf3 {[%clk 0:59:37]} Bd6 {[%clk 1:17:46]} 14. Nd4 {[%clk 0:58:42]} c6
{[%clk 1:16:47]} 15. Re1 {[%clk 0:54:54]} Ng4 {[%clk 1:13:30]} 16. Be3 {[%clk
0:44:11]} Qf6 {[%clk 1:12:08]} 17. Qd2 {[%clk 0:41:20]} Bd7 {[%clk 1:11:21]}
18. h3 {[%clk 0:40:06]} Nxe3 {[%clk 1:11:25]} 19. Rxe3 {[%clk 0:36:55]} Qh6
{[%clk 1:10:51]} 20. h4 {[%clk 0:35:26]} Rae8 {[%clk 1:10:10]} 21. Rae1 {[%clk
0:35:31]} Rxe3 {[%clk 1:07:08]} 22. Qxe3 {[%clk 0:33:08]} Re8 {[%clk 1:06:03]}
23. Qc3 {[%clk 0:29:17]} Rxe1+ {[%clk 1:05:47]} 24. Qxe1 {[%clk 0:29:36]} Qf6
{[%clk 1:05:36]} 25. c3 {[%clk 0:29:14]} Qe5 {[%clk 1:05:38]} 26. Qxe5 {[%clk
0:24:39]} 1/2-1/2

[Event "Deutsche Ländermeisterschaft 2014"]
[Site "Hannover GER"]
[Date "2014.10.05"]
[Round "5"]
[White "Reitz, Theresa"]
[Black "Schönweiler, Elisabeth"]
[Result "1-0"]
[Termination "normal"]
[Board "3.8"]
[WhiteElo "1477"]
[BlackElo "1249"]
[WhiteClock "00:48:01"]
[BlackClock "00:43:56"]
[WhiteTeam "Rheinland-Pfalz"]
[BlackTeam "Schleswig-Holstein"]
[PlyCount "54"]
[WhiteFideId "12971901"]
[BlackFideId "12997005"]
[EventCountry "GER"]
[EventRounds "7"]
[EventType "team-swiss"]
[EventDate "2014.10.02"]

1. e4 {[%clk 1:30:59]} c5 {[%clk 1:30:54]} 2. Nf3 {[%clk 1:31:19]} d6 {[%clk
1:31:15]} 3. d4 {[%clk 1:31:41]} cxd4 {[%clk 1:31:38]} 4. Qxd4 {[%clk 1:31:59]}
Nc6 {[%clk 1:31:43]} 5. Bb5 {[%clk 1:32:19]} Bd7 {[%clk 1:31:29]} 6. Bxc6
{[%clk 1:32:22]} Bxc6 {[%clk 1:30:25]} 7. Nc3 {[%clk 1:32:24]} Nf6 {[%clk
1:27:38]} 8. Bg5 {[%clk 1:24:37]} Nd7 {[%clk 1:21:41]} 9. O-O {[%clk 1:19:39]}
Qb6 {[%clk 1:18:57]} 10. Nd5 {[%clk 1:13:40]} Bxd5 {[%clk 1:15:49]} 11. exd5
{[%clk 1:13:02]} Qxd4 {[%clk 1:15:14]} 12. Nxd4 {[%clk 1:13:03]} a6 {[%clk
1:14:19]} 13. Nf3 {[%clk 1:11:38]} Rc8 {[%clk 1:12:57]} 14. c3 {[%clk 1:10:47]}
g6 {[%clk 1:08:37]} 15. Rfe1 {[%clk 1:08:42]} h6 {[%clk 1:03:17]} 16. Bf4
{[%clk 1:05:11]} Nf6 {[%clk 1:01:44]} 17. Bxd6 {[%clk 1:00:52]} Nxd5 {[%clk
1:00:48]} 18. Be5 {[%clk 0:59:03]} Rg8 {[%clk 0:59:55]} 19. Rad1 {[%clk
0:58:00]} e6 {[%clk 0:59:43]} 20. Bg3 {[%clk 0:57:16]} Bg7 {[%clk 0:57:46]} 21.
Rxd5 {[%clk 0:56:27]} Bf6 {[%clk 0:53:25]} 22. Rd3 {[%clk 0:54:28]} Kf8 {[%clk
0:52:39]} 23. Rd7 b5 {[%clk 0:51:47]} 24. Ne5 {[%clk 0:48:19]} Bxe5 {[%clk
0:48:43]} 25. Bxe5 {[%clk 0:47:59]} Ke8 {[%clk 0:45:14]} 26. Red1 {[%clk
0:47:54]} h5 {[%clk 0:44:12]} 27. Bf6 {[%clk 0:48:01]} Ra8 {[%clk 0:43:56]} 1-0

[Event "Deutsche Ländermeisterschaft 2014"]
[Site "Hannover GER"]
[Date "2014.10.05"]
[Round "5"]
[White "Heinemann, Josefine"]
[Black "Hahn, Markus"]
[Result "1/2-1/2"]
[Termination "normal"]
[Board "4.2"]
[WhiteElo "2043"]
[BlackElo "2225"]
[WhiteClock "00:43:02"]
[BlackClock "00:23:58"]
[WhiteTeam "Sachsen-Anhalt"]
[BlackTeam "Hessen 1"]
[PlyCount "112"]
[WhiteFideId "12900460"]
[BlackFideId "24654647"]
[EventCountry "GER"]
[EventRounds "7"]
[EventType "team-swiss"]
[EventDate "2014.10.02"]

1. e4 {[%clk 1:30:58]} c5 {[%clk 1:30:54]} 2. Nf3 {[%clk 1:31:22]} e6 {[%clk
1:31:20]} 3. d4 {[%clk 1:31:38]} cxd4 {[%clk 1:31:44]} 4. Nxd4 {[%clk 1:31:57]}
a6 {[%clk 1:32:06]} 5. Bd3 {[%clk 1:32:08]} Nf6 {[%clk 1:32:29]} 6. O-O {[%clk
1:32:18]} Qc7 {[%clk 1:32:53]} 7. Qe2 {[%clk 1:32:31]} d6 {[%clk 1:33:18]} 8.
c4 {[%clk 1:32:37]} g6 {[%clk 1:33:37]} 9. Nc3 {[%clk 1:32:41]} Bg7 {[%clk
1:34:00]} 10. Nf3 {[%clk 1:32:25]} O-O {[%clk 1:32:46]} 11. Bf4 {[%clk
1:31:41]} Nh5 {[%clk 1:28:23]} 12. Bd2 {[%clk 1:30:46]} b6 {[%clk 1:24:19]} 13.
Rac1 {[%clk 1:28:18]} Bb7 {[%clk 1:21:50]} 14. b4 {[%clk 1:26:47]} Nd7 {[%clk
1:18:23]} 15. Be3 {[%clk 1:21:01]} Rac8 {[%clk 1:10:18]} 16. a4 {[%clk
1:12:30]} Qb8 {[%clk 1:04:04]} 17. Nd2 {[%clk 1:07:03]} Rfe8 {[%clk 0:55:17]}
18. Nb3 {[%clk 0:57:02]} Ba8 {[%clk 0:47:06]} 19. f4 {[%clk 0:49:34]} d5 {[%clk
0:37:06]} 20. e5 {[%clk 0:47:35]} Nxe5 {[%clk 0:34:36]} 21. fxe5 {[%clk
0:47:31]} Bxe5 {[%clk 0:34:52]} 22. g4 {[%clk 0:41:42]} dxc4 {[%clk 0:33:11]}
23. Bxc4 {[%clk 0:37:50]} Bxh2+ {[%clk 0:24:31]} 24. Qxh2 {[%clk 0:36:05]} Rxc4
{[%clk 0:24:53]} 25. Qxb8 {[%clk 0:29:49]} Rxg4+ {[%clk 0:24:13]} 26. Kf2
{[%clk 0:30:12]} Rxb8 {[%clk 0:24:13]} 27. b5 {[%clk 0:29:20]} axb5 {[%clk
0:20:15]} 28. axb5 {[%clk 0:29:35]} Nf4 {[%clk 0:19:24]} 29. Rfd1 {[%clk
0:25:05]} Nd5 {[%clk 0:14:42]} 30. Nxd5 {[%clk 0:23:49]} Bxd5 {[%clk 0:15:03]}
31. Nd4 {[%clk 0:23:31]} Ra8 {[%clk 0:10:04]} 32. Ra1 {[%clk 0:20:03]} Rg2+
{[%clk 0:06:44]} 33. Ke1 {[%clk 0:19:00]} Rc8 {[%clk 0:03:23]} 34. Nc6 {[%clk
0:15:09]} Bxc6 {[%clk 0:02:43]} 35. Rac1 {[%clk 0:15:21]} Bb7 {[%clk 0:01:37]}
36. Rxc8+ {[%clk 0:15:44]} Bxc8 {[%clk 0:02:06]} 37. Rd8+ {[%clk 0:16:02]} Kg7
{[%clk 0:02:32]} 38. Rxc8 {[%clk 0:16:28]} e5 {[%clk 0:02:01]} 39. Bxb6 {[%clk
0:16:47]} Rb2 {[%clk 0:01:37]} 40. Rc5 {[%clk 0:17:09]} f6 {[%clk 0:00:47]} 41.
Bd8 {[%clk 0:16:25]} h5 {[%clk 0:24:58]} 42. b6 {[%clk 0:46:48]} h4 {[%clk
0:23:27]} 43. Rc6 {[%clk 0:46:05]} h3 {[%clk 0:22:38]} 44. Bxf6+ {[%clk
0:46:22]} Kf7 {[%clk 0:22:49]} 45. Bxe5 {[%clk 0:46:34]} h2 {[%clk 0:22:45]}
46. Bxh2 {[%clk 0:45:49]} Rxh2 {[%clk 0:23:03]} 47. Kf1 {[%clk 0:45:47]} Rb2
{[%clk 0:23:06]} 48. Kg1 {[%clk 0:46:11]} Kg7 {[%clk 0:23:31]} 49. Rc7+ {[%clk
0:44:41]} Kh6 {[%clk 0:23:49]} 50. b7 {[%clk 0:43:49]} Kh5 {[%clk 0:24:00]} 51.
Rc2 {[%clk 0:42:55]} Rxb7 {[%clk 0:24:17]} 52. Kg2 {[%clk 0:42:02]} Rb3 {[%clk
0:23:56]} 53. Rc4 {[%clk 0:42:04]} g5 {[%clk 0:24:14]} 54. Ra4 {[%clk 0:42:18]}
g4 {[%clk 0:24:04]} 55. Ra8 {[%clk 0:42:36]} Kh4 {[%clk 0:23:58]} 56. Rh8+
{[%clk 0:43:02]} Kg5 1/2-1/2

[Event "Deutsche Ländermeisterschaft 2014"]
[Site "Hannover GER"]
[Date "2014.10.05"]
[Round "5"]
[White "Galkin, Wladislaw"]
[Black "Pallas, Sebastian"]
[Result "1-0"]
[Termination "normal"]
[Board "4.3"]
[WhiteElo "2099"]
[BlackElo "1947"]
[WhiteClock "00:14:47"]
[BlackClock "00:14:06"]
[WhiteTeam "Hessen 1"]
[BlackTeam "Sachsen-Anhalt"]
[PlyCount "57"]
[WhiteFideId "4603192"]
[BlackFideId "12905453"]
[EventCountry "GER"]
[EventRounds "7"]
[EventType "team-swiss"]
[EventDate "2014.10.02"]

1. c4 {[%clk 1:30:57]} Nf6 {[%clk 1:30:49]} 2. Nc3 {[%clk 1:31:03]} d5 {[%clk
1:31:10]} 3. cxd5 {[%clk 1:31:10]} Nxd5 {[%clk 1:31:33]} 4. g3 {[%clk 1:31:29]}
g6 {[%clk 1:31:54]} 5. Bg2 {[%clk 1:31:47]} Nb6 {[%clk 1:32:18]} 6. Nf3 {[%clk
1:29:37]} Bg7 {[%clk 1:32:32]} 7. O-O {[%clk 1:29:31]} O-O {[%clk 1:32:50]} 8.
d3 {[%clk 1:29:01]} Nc6 {[%clk 1:31:12]} 9. Bd2 {[%clk 1:26:28]} e5 {[%clk
1:27:00]} 10. Ne4 {[%clk 1:23:23]} Qe7 {[%clk 1:25:24]} 11. Rc1 {[%clk
1:22:09]} Nd7 {[%clk 1:20:56]} 12. Be3 {[%clk 1:20:16]} Rd8 {[%clk 1:12:37]}
13. Nfd2 {[%clk 1:16:31]} Nb6 {[%clk 1:06:29]} 14. Bc5 {[%clk 1:10:31]} Qe8
{[%clk 1:05:01]} 15. f4 {[%clk 1:01:15]} Nd5 {[%clk 0:58:44]} 16. Nc3 {[%clk
0:56:13]} Nxc3 {[%clk 0:57:47]} 17. bxc3 {[%clk 0:56:38]} exf4 {[%clk 0:48:56]}
18. Rxf4 {[%clk 0:52:51]} Be6 {[%clk 0:46:57]} 19. Ne4 {[%clk 0:46:41]} f5
{[%clk 0:44:58]} 20. Ng5 {[%clk 0:46:53]} Kh8 {[%clk 0:41:50]} 21. e4 {[%clk
0:37:29]} Bh6 {[%clk 0:26:28]} 22. h4 {[%clk 0:37:28]} Bxg5 {[%clk 0:26:39]}
23. hxg5 {[%clk 0:37:45]} fxe4 {[%clk 0:23:01]} 24. Bxe4 {[%clk 0:33:07]} Qd7
{[%clk 0:22:29]} 25. Rc2 {[%clk 0:28:01]} Bd5 {[%clk 0:18:20]} 26. Re2 {[%clk
0:19:58]} b6 {[%clk 0:17:01]} 27. Ba3 {[%clk 0:18:54]} Re8 {[%clk 0:14:25]} 28.
Qf1 {[%clk 0:15:19]} Kg8 {[%clk 0:14:06]} 29. Bxd5+ {[%clk 0:14:47]} 1-0

[Event "Deutsche Ländermeisterschaft 2014"]
[Site "Hannover GER"]
[Date "2014.10.05"]
[Round "5"]
[White "Stein, Robert"]
[Black "Tran, My Linh"]
[Result "0-1"]
[Termination "normal"]
[Board "4.4"]
[WhiteElo "1885"]
[BlackElo "2053"]
[WhiteClock "00:12:46"]
[BlackClock "00:09:57"]
[WhiteTeam "Sachsen-Anhalt"]
[BlackTeam "Hessen 1"]
[PlyCount "44"]
[WhiteFideId "12921084"]
[BlackFideId "24682462"]
[EventCountry "GER"]
[EventRounds "7"]
[EventType "team-swiss"]
[EventDate "2014.10.02"]

1. e4 {[%clk 1:30:57]} e5 {[%clk 1:30:55]} 2. Nf3 {[%clk 1:31:18]} Nc6 {[%clk
1:31:22]} 3. d4 {[%clk 1:30:41]} exd4 {[%clk 1:31:46]} 4. Nxd4 {[%clk 1:30:45]}
Nf6 {[%clk 1:32:11]} 5. Nxc6 {[%clk 1:30:00]} bxc6 {[%clk 1:32:36]} 6. Bd3
{[%clk 1:29:11]} d5 {[%clk 1:32:35]} 7. Nd2 {[%clk 1:26:57]} Bd6 {[%clk
1:21:43]} 8. O-O {[%clk 1:17:11]} O-O {[%clk 1:20:59]} 9. h3 {[%clk 1:12:32]}
Re8 {[%clk 1:11:44]} 10. exd5 {[%clk 1:03:32]} cxd5 {[%clk 1:11:38]} 11. Nf3
{[%clk 1:03:31]} c5 {[%clk 0:56:27]} 12. c3 {[%clk 0:56:09]} Be6 {[%clk
0:41:31]} 13. Bg5 {[%clk 0:47:58]} h6 {[%clk 0:41:46]} 14. Be3 {[%clk 0:45:19]}
Rb8 {[%clk 0:40:40]} 15. Qc2 {[%clk 0:42:14]} Qc8 {[%clk 0:28:18]} 16. Qd2
{[%clk 0:30:06]} Ne4 {[%clk 0:14:07]} 17. Qc1 {[%clk 0:23:43]} Bxh3 {[%clk
0:09:17]} 18. gxh3 {[%clk 0:20:07]} Qxh3 {[%clk 0:09:46]} 19. Bf4 {[%clk
0:17:10]} Qxf3 {[%clk 0:10:11]} 20. Bxd6 {[%clk 0:17:16]} Nxd6 {[%clk 0:10:39]}
21. Rd1 {[%clk 0:15:17]} Re5 {[%clk 0:10:26]} 22. Qc2 {[%clk 0:12:46]} Rh5
{[%clk 0:09:57]} 0-1

[Event "Deutsche Ländermeisterschaft 2014"]
[Site "Hannover GER"]
[Date "2014.10.05"]
[Round "5"]
[White "Nothnagel, Marian Can"]
[Black "Biastoch, Bennet"]
[Result "1-0"]
[Termination "normal"]
[Board "4.5"]
[WhiteElo "1827"]
[BlackElo "1838"]
[WhiteClock "00:13:37"]
[BlackClock "00:02:48"]
[WhiteTeam "Hessen 1"]
[BlackTeam "Sachsen-Anhalt"]
[PlyCount "69"]
[WhiteFideId "12921530"]
[BlackFideId "12939889"]
[EventCountry "GER"]
[EventRounds "7"]
[EventType "team-swiss"]
[EventDate "2014.10.02"]

1. e4 {[%clk 1:30:58]} c5 {[%clk 1:30:51]} 2. Nf3 {[%clk 1:31:24]} Nf6 {[%clk
1:31:00]} 3. Nc3 {[%clk 1:31:44]} d5 {[%clk 1:31:13]} 4. exd5 {[%clk 1:31:27]}
Nxd5 {[%clk 1:31:22]} 5. Bc4 {[%clk 1:31:49]} e6 {[%clk 1:30:18]} 6. O-O {[%clk
1:32:07]} Be7 {[%clk 1:29:59]} 7. Re1 {[%clk 1:26:13]} O-O {[%clk 1:29:46]} 8.
Nxd5 {[%clk 1:21:33]} exd5 {[%clk 1:28:56]} 9. Bf1 {[%clk 1:19:06]} Bg4 {[%clk
1:21:42]} 10. h3 {[%clk 1:15:12]} Bh5 {[%clk 1:17:09]} 11. d3 {[%clk 1:09:00]}
Nc6 {[%clk 1:16:44]} 12. Bf4 {[%clk 1:05:02]} Bf6 {[%clk 1:09:37]} 13. c3
{[%clk 1:04:38]} Qb6 {[%clk 1:09:15]} 14. g4 {[%clk 0:56:13]} Bg6 {[%clk
1:09:14]} 15. Qd2 {[%clk 0:56:28]} Rfe8 {[%clk 1:04:03]} 16. g5 {[%clk
0:49:16]} Be7 {[%clk 1:00:16]} 17. Nh4 {[%clk 0:48:04]} Bh5 {[%clk 0:43:53]}
18. Nf5 {[%clk 0:47:38]} Bg6 {[%clk 0:42:14]} 19. Nh4 {[%clk 0:39:54]} Bh5
{[%clk 0:09:32]} 20. Bg2 {[%clk 0:36:26]} d4 {[%clk 0:09:31]} 21. Nf5 {[%clk
0:35:00]} Bg6 {[%clk 0:09:01]} 22. Bxc6 {[%clk 0:35:11]} Bxf5 {[%clk 0:08:26]}
23. Bxe8 {[%clk 0:35:26]} Rxe8 {[%clk 0:08:49]} 24. Kh2 {[%clk 0:33:18]} Be6
{[%clk 0:08:09]} 25. cxd4 {[%clk 0:23:07]} cxd4 {[%clk 0:07:51]} 26. a3 {[%clk
0:23:15]} Bd6 {[%clk 0:07:37]} 27. b4 {[%clk 0:21:02]} Qc7 {[%clk 0:07:17]} 28.
Bg3 {[%clk 0:17:33]} Bxg3+ {[%clk 0:05:56]} 29. fxg3 {[%clk 0:17:53]} Qc3
{[%clk 0:05:20]} 30. Qxc3 {[%clk 0:15:25]} dxc3 {[%clk 0:05:46]} 31. Rac1
{[%clk 0:15:50]} Rc8 {[%clk 0:06:01]} 32. Re2 {[%clk 0:16:10]} h6 {[%clk
0:04:37]} 33. g6 {[%clk 0:14:28]} Kf8 {[%clk 0:02:51]} 34. gxf7 {[%clk
0:13:25]} Bxf7 {[%clk 0:02:48]} 35. Rec2 {[%clk 0:13:37]} 1-0